• 首页
  • 本馆介绍
  • 公告通知
  • 最新文献
  • 馆藏检索
  • 电子资源
  • 读者导购
  • 参考咨询
  • 我的图书馆
  • 登录
  • 详细信息显示
  • 放入我的书架
  • 预约/预借图书
  • 作者相关作品
  • 分类相关作品
  • 丛书相关作品
  • 出版社相关作品

书目信息

  • 表格格式
  • 工作单格式
  • 卡片格式
题名:
听胡适讲国学讲哲学讲人生
    
 
作者: 胡适 著
分册:  
出版信息: 北京   中华工商联合出版社有限责任公司  2018
页数: 277页
开本: 22cm
丛书名:
单 册:
中图分类: Z126.24
科图分类:
主题词: 国学--普及读物 , 人生哲学--通俗读物
电子资源:
ISBN: 978-7-5158-2193-1
000 01050nam0 2200241 450
001 009202218
005 20181010154821.0
010    @a978-7-5158-2193-1@b精装@dCNY52.00
100    @a20181010d2018 em y0chiy0120 ea
101 0  @achi
102    @aCN@b110000
105    @ay z 000yy
106    @ar
200 1  @a听胡适讲国学讲哲学讲人生@9Ting Hu Shi;Kuo Jiang Guo Xue Jiang Zhe Xue Jiang Ren Sheng @f胡适著
210    @a北京@c中华工商联合出版社有限责任公司@d2018
215    @a277页@d22cm
330    @a本书分胡适讲国学、讲哲学、讲人生三部分。“胡适讲国学”部分辑录了胡适大量“整理国故”的研究文章,内容涉及中国古代诸子百家的学说以及文学、政治、历史等方面的研究;“胡适讲哲学”部分辑录了胡适《中国哲学史大纲》和有关哲学论述的文章中较有代表性的篇目;“胡适讲人生”部分辑录了胡适带有自传性质的《四十自述》和一些其他有关人生的感悟和选择方面的文章。
606 0  @a国学@j普及读物
606 0  @a人生哲学@j通俗读物
690    @aZ126.24@v5
701  0 @a胡适@9hu shi@f(1891-1962)@4著
801  0 @aCN@bAzMarc@c20181010
905    @aBZT@dZ126@e89@f1@sZ126/89
    
    听胡适讲国学讲哲学讲人生/胡适著.-北京:中华工商联合出版社有限责任公司,2018
    277页;22cm
    
    
    ISBN 978-7-5158-2193-1(精装):CNY52.00
    本书分胡适讲国学、讲哲学、讲人生三部分。“胡适讲国学”部分辑录了胡适大量“整理国故”的研究文章,内容涉及中国古代诸子百家的学说以及文学、政治、历史等方面的研究;“胡适讲哲学”部分辑录了胡适《中国哲学史大纲》和有关哲学论述的文章中较有代表性的篇目;“胡适讲人生”部分辑录了胡适带有自传性质的《四十自述》和一些其他有关人生的感悟和选择方面的文章。
●
相关链接 在五车中查询图书 在当当中查询图书 在豆瓣中查询图书


正题名:听胡适讲国学讲哲学讲人生     索取号:Z126/89         预约/预借

序号 登录号 条形码 馆藏地/架位号 状态 备注
1 2000001954   2000001954   旧书回溯/ [索取号:Z126/89] 在馆    
山东省滨州职业学院图书馆 欢迎您!
大连网信软件有限公司© 版权所有